Cuộc Sống Là Yêu Thương Và Tha Thứ

Đã lưu trong:
Bibliografiske detaljer
Hovedforfatter: Nhiều TG
Format: Bog
Sprog:Vietnamese
Udgivet: Hà Nội 2013
Tags: Tilføj Tag
Ingen Tags, Vær først til at tagge denne postø!
Thư viện lưu trữ: Mạng thư viện Đại học Đà Nẵng
LEADER 00625nam a2200277 4500
001 000026178
003 171
005 20150204120000.0
008 150204s vm 000 vie
020 |c 35000,0000 
040 |a D1 
100 |a Nhiều TG 
245 |a Cuộc Sống Là Yêu Thương Và Tha Thứ 
260 |b Hà Nội  |c 2013 
300 |a 191tr. ; 
OWN |a LTT 
999 |a From the UDN01 
TYP |a Monograph 
TYP |a Printed language 
980 |a Mạng thư viện Đại học Đà Nẵng